000 00333pab a2200145 454500
008 180718b1997 xxu||||| |||| 00| 0 eng d
100 _aJagmohan
245 _aContemporary terrorism: India's diffident response
260 _c1997
300 _ap.8
362 _a6 Nov
650 _aViolence
773 _aTribune
909 _a36480
999 _c36480
_d36480